Pluripotent stem cells (Record no. 486248)

MARC details
000 -LEADER
fixed length control field 00443nam a2200181Ia 4500
008 - FIXED-LENGTH DATA ELEMENTS--GENERAL INFORMATION
fixed length control field 210417s9999 xx 000 0 und d
020 ## - INTERNATIONAL STANDARD BOOK NUMBER
ISBN 9781632395146
082 ## - DEWEY DECIMAL CLASSIFICATION NUMBER
Classification number 616.02774 COL
Item number 616.02774 COL
245 #0 - TITLE STATEMENT
Title Pluripotent stem cells
Statement of responsibility, etc Pluripotent stem cells
260 ## - PUBLICATION, DISTRIBUTION, ETC. (IMPRINT)
Place of publication New York
Name of publisher Callisto Reference
Year of publication 2015
700 ## - ADDED ENTRY--PERSONAL NAME
Personal name "Collins, Jack "
942 ## - ADDED ENTRY ELEMENTS (KOHA)
Koha item type Reference
Holdings
Withdrawn status Lost status Damaged status Not for loan Home library Current library Shelving location Date acquired Full call number Accession Number Price effective from Koha item type
        Anna Centenary Library Anna Centenary Library 5TH FLOOR, B WING 17.04.2021 616.02774 COL 606266 17.04.2021 Books

Find us on the map